[Event "6e Open International d'Echecs des Sable"]
[Site "Sables d'Olonne, France"]
[Date "2019.07.14"]
[Round "2.1"]
[White "Dalaud, Dorian"]
[Black "Prie, Eric"]
[Result "0-1"]
[WhiteElo "2220"]
[BlackElo "2436"]
[Annotator "jeanluc"]
[PlyCount "112"]
[EventDate "2019.??.??"]
[TimeControl "1/40:0"]
[WhiteClock "0:04:35"]
[BlackClock "0:05:12"]

1. c4 {[%emt 0:00:00]} e5 {[%emt 0:00:00]} 2. g3 {[%emt 0:00:00]} Nf6 {[%emt 0:
00:00]} 3. Bg2 {[%emt 0:00:00]} Bc5 {[%emt 0:00:00]} 4. Nc3 {[%emt 0:00:00]}
O-O {[%emt 0:00:00]} 5. e3 {[%emt 0:00:00]} Re8 {[%emt 0:00:00]} 6. Nge2 {
[%emt 0:00:00]} Nc6 {[%emt 0:00:00]} 7. O-O {[%emt 0:00:00]} a6 {[%emt 0:00:00]
} 8. a3 {[%emt 0:00:00]} d6 {[%emt 0:00:00]} 9. b4 {[%emt 0:00:00]} Ba7 {
[%emt 0:00:00]} 10. Qc2 {[%emt 0:00:00]} Bd7 {[%emt 0:00:00]} 11. Bb2 {[%emt 0:
00:00]} Rb8 {[%emt 0:00:00]} 12. Rac1 {[%emt 0:00:00]} Ne7 {[%emt 0:00:00]} 13.
Nd5 {[%emt 0:00:00]} Nexd5 {[%emt 0:00:00]} 14. cxd5 {[%emt 0:00:00]} Rc8 {
[%emt 0:00:00]} 15. f4 {[%emt 0:00:00]} Bb5 {[%emt 0:00:00]} 16. Rce1 {[%emt 0:
00:00]} c6 {[%emt 0:00:00]} 17. fxe5 {[%emt 0:00:00]} dxe5 {[%emt 0:00:00]} 18.
Qf5 {[%emt 0:00:00]} Qe7 {[%emt 0:00:00]} 19. dxc6 {[%emt 0:00:00]} Bxc6 {
[%emt 0:00:00]} 20. Rc1 {[%emt 0:00:00]} Bd7 {[%emt 0:00:00]} 21. Qg5 {[%emt 0:
00:00]} h6 {[%emt 0:00:00]} 22. Qh4 {[%emt 0:00:00]} Bb5 {[%emt 0:00:00]} 23.
Bf3 {[%emt 0:00:00]} Rcd8 {[%emt 0:00:00]} 24. Bc3 {[%emt 0:00:00]} Nd5 {
[%emt 0:00:00]} 25. Bxd5 {[%emt 0:00:00]} Rxd5 {[%emt 0:00:00]} 26. Qe4 {
[%emt 0:00:00]} Qd7 {[%emt 0:03:15]} 27. Rf2 {[%emt 0:00:00]} Rxd2 {[%emt 0:03:
32]} 28. Bxd2 {[%emt 0:00:00]} Qxd2 {[%emt 0:00:21]} 29. Qxb7 {[%emt 0:09:48]}
Bxe3 {[%emt 0:00:28]} 30. Qxf7+ {[%emt 0:00:25]} Kh8 {[%emt 0:05:44]} 31. a4 {
[%emt 0:04:39]} Bxf2+ {[%emt 0:01:16]} 32. Qxf2 {[%emt 0:00:53]} Bxa4 {[%emt 0:
00:17]} 33. Re1 {[%emt 0:01:42]} Qxb4 {[%emt 0:00:28]} 34. Nc1 {[%emt 0:01:24]}
Bc6 {[%emt 0:02:21]} 35. Nd3 {[%emt 0:01:05]} Qb5 {[%emt 0:02:26]} 36. Qc5 {
[%emt 0:03:19]} e4 {[%emt 0:01:14]} 37. Qxb5 {[%emt 0:00:23]} Bxb5 {[%emt 0:00:
15]} 38. Nc5 {[%emt 0:01:08]} e3 {[%emt 0:00:19]} 39. Nb3 {[%emt 0:00:26]} Re4
{[%emt 0:02:09]} 40. Nc1 {[%emt 0:00:54]} g5 {[%emt 0:00:30]} 41. Ne2 {[%emt 0:
00:00]} Kg7 {[%emt 0:00:00]} 42. h3 {[%emt 0:00:00]} h5 {[%emt 0:00:00]} 43.
Kg2 {[%emt 0:00:00]} Bc6 {[%emt 0:00:00]} 44. Kg1 {[%emt 0:00:00]} Rc4 {
[%emt 0:00:00]} 45. h4 {[%emt 0:00:00]} gxh4 {[%emt 0:00:00]} 46. gxh4 {
[%emt 0:00:00]} Rg4+ {[%emt 0:00:00]} 47. Kh2 {[%emt 0:00:00]} Rxh4+ {[%emt 0:
00:00]} 48. Kg3 {[%emt 0:00:00]} Rg4+ {[%emt 0:00:00]} 49. Kh3 {[%emt 0:00:00]}
Re4 {[%emt 0:01:53]} 50. Kg3 {[%emt 0:00:00]} h4+ {[%emt 0:02:00]} 51. Kf3 {
[%emt 0:00:00]} Kf6 {[%emt 0:00:52]} 52. Rc1 {[%emt 0:03:27]} Rc4+ {[%emt 0:00:
40]} 53. Kxe3 {[%emt 0:00:12]} Rxc1 {[%emt 0:00:18]} 54. Nxc1 {[%emt 0:00:15]}
h3 {[%emt 0:01:11]} 55. Ne2 {[%emt 0:02:30]} h2 {[%emt 0:00:19]} 56. Ng3 {
[%emt 0:00:15]} Ke5 {[%emt 0:00:20]} 0-1

[Event "6e Open International d'Echecs des Sable"]
[Site "Sables d'Olonne, France"]
[Date "2019.07.14"]
[Round "2.2"]
[White "Duboue, Peio"]
[Black "Mariette, Lucas"]
[Result "1/2-1/2"]
[WhiteElo "2409"]
[BlackElo "2244"]
[Annotator "jeanluc"]
[PlyCount "108"]
[EventDate "2019.??.??"]
[TimeControl "1/40:0"]
[WhiteClock "0:24:49"]
[BlackClock "0:23:31"]

1. e4 {[%emt 0:00:00]} e5 {[%emt 0:00:00]} 2. Nf3 {[%emt 0:00:00]} Nc6 {
[%emt 0:00:00]} 3. Bc4 {[%emt 0:00:00]} Bc5 {[%emt 0:00:00]} 4. c3 {[%emt 0:00:
00]} Nf6 {[%emt 0:00:00]} 5. d4 {[%emt 0:00:00]} exd4 {[%emt 0:00:00]} 6. e5 {
[%emt 0:00:00]} d5 {[%emt 0:00:00]} 7. Bb5 {[%emt 0:00:00]} Ne4 {[%emt 0:00:00]
} 8. cxd4 {[%emt 0:00:00]} Bb4+ {[%emt 0:00:00]} 9. Bd2 {[%emt 0:00:00]} Nxd2 {
[%emt 0:00:00]} 10. Nbxd2 {[%emt 0:00:00]} O-O {[%emt 0:00:00]} 11. Bxc6 {
[%emt 0:00:00]} bxc6 {[%emt 0:00:00]} 12. O-O {[%emt 0:00:00]} f6 {[%emt 0:00:
00]} 13. Qa4 {[%emt 0:00:00]} Bxd2 {[%emt 0:00:00]} 14. Nxd2 {[%emt 0:00:00]}
fxe5 {[%emt 0:00:00]} 15. dxe5 {[%emt 0:00:00]} Qe8 {[%emt 0:00:00]} 16. f4 {
[%emt 0:00:00]} c5 {[%emt 0:00:00]} 17. Qa5 {[%emt 0:00:00]} Qc6 {[%emt 0:00:
00]} 18. Nb3 {[%emt 0:00:00]} Rb8 {[%emt 0:00:00]} 19. Qxa7 {[%emt 0:00:00]}
Rb5 {[%emt 0:00:00]} 20. Rac1 {[%emt 0:00:00]} Qb6 {[%emt 0:00:00]} 21. Qxb6 {
[%emt 0:00:00]} cxb6 {[%emt 0:00:00]} 22. Rc2 {[%emt 0:00:00]} Rb4 {[%emt 0:00:
00]} 23. g3 {[%emt 0:00:00]} g5 {[%emt 0:00:00]} 24. Rd2 {[%emt 0:00:00]} Ba6 {
[%emt 0:00:00]} 25. Re1 {[%emt 0:00:00]} gxf4 {[%emt 0:00:00]} 26. e6 {[%emt 0:
00:00]} fxg3 {[%emt 0:00:00]} 27. e7 {[%emt 0:00:00]} gxh2+ {[%emt 0:00:00]}
28. Kxh2 {[%emt 0:00:00]} Re8 {[%emt 0:00:00]} 29. Rxd5 {[%emt 0:00:00]} Rh4+ {
[%emt 0:00:00]} 30. Kg3 {[%emt 0:00:00]} Rh6 {[%emt 0:00:00]} 31. Nd2 {[%emt 0:
00:00]} Rg6+ {[%emt 0:00:00]} 32. Kf4 {[%emt 0:00:00]} Rf6+ {[%emt 0:01:03]}
33. Kg5 {[%emt 0:02:17]} Kf7 {[%emt 0:01:28]} 34. Rde5 {[%emt 0:01:48]} Rf2 {
[%emt 0:02:14]} 35. Rf5+ {[%emt 0:01:31]} Rxf5+ {[%emt 0:00:24]} 36. Kxf5 {
[%emt 0:00:13]} Bd3+ {[%emt 0:00:56]} 37. Kf4 {[%emt 0:01:23]} Rxe7 {[%emt 0:
00:30]} 38. Rg1 {[%emt 0:00:27]} Re2 {[%emt 0:01:45]} 39. Nf3 {[%emt 0:00:19]}
Kf6 {[%emt 0:01:58]} 40. Rd1 {[%emt 0:02:15]} c4 {[%emt 0:05:09]} 41. b3 {
[%emt 0:04:06]} b5 {[%emt 0:02:39]} 42. Ne1 {[%emt 0:01:20]} Re4+ {[%emt 0:00:
00]} 43. Kf3 {[%emt 0:00:00]} Rd4 {[%emt 0:00:00]} 44. Nxd3 {[%emt 0:00:00]}
Rxd3+ {[%emt 0:00:00]} 45. Rxd3 {[%emt 0:00:00]} cxd3 {[%emt 0:00:00]} 46. a4 {
[%emt 0:00:00]} h5 {[%emt 0:00:00]} 47. a5 {[%emt 0:00:00]} h4 {[%emt 0:00:00]}
48. a6 {[%emt 0:00:00]} h3 {[%emt 0:00:00]} 49. a7 {[%emt 0:00:00]} h2 {
[%emt 0:00:00]} 50. Kg2 {[%emt 0:00:00]} d2 {[%emt 0:00:00]} 51. a8=Q {[%emt 0:
00:00]} h1=Q+ {[%emt 0:00:00]} 52. Kxh1 {[%emt 0:00:00]} d1=Q+ {[%emt 0:00:00]}
53. Kg2 {[%emt 0:00:00]} Qxb3 {[%emt 0:00:00]} 54. Qf3+ {[%emt 0:00:00]} Qxf3+
{[%emt 0:00:00]} 1/2-1/2

[Event "6e Open International d'Echecs des Sable"]
[Site "Sables d'Olonne, France"]
[Date "2019.07.14"]
[Round "2.3"]
[White "Durand-Le Ludec, Brendan-Budok"]
[Black "Colin, Vincent"]
[Result "1/2-1/2"]
[WhiteElo "2199"]
[BlackElo "2370"]
[Annotator "jeanluc"]
[PlyCount "123"]
[EventDate "2019.??.??"]
[TimeControl "1/40:0"]
[WhiteClock "0:13:48"]
[BlackClock "0:15:48"]

1. e4 {[%emt 0:00:00]} e5 {[%emt 0:00:00]} 2. Bc4 {[%emt 0:00:00]} Nf6 {
[%emt 0:00:00]} 3. d4 {[%emt 0:00:00]} exd4 {[%emt 0:00:00]} 4. Nf3 {[%emt 0:
00:00]} Nc6 {[%emt 0:00:00]} 5. e5 {[%emt 0:00:00]} d5 {[%emt 0:00:00]} 6. Bb5
{[%emt 0:00:00]} Nd7 {[%emt 0:00:00]} 7. Bxc6 {[%emt 0:00:00]} bxc6 {[%emt 0:
00:00]} 8. O-O {[%emt 0:00:00]} Be7 {[%emt 0:00:00]} 9. Nxd4 {[%emt 0:00:00]}
Nb8 {[%emt 0:00:00]} 10. Qf3 {[%emt 0:00:00]} O-O {[%emt 0:00:00]} 11. Nf5 {
[%emt 0:00:00]} Bxf5 {[%emt 0:00:00]} 12. Qxf5 {[%emt 0:00:00]} Qd7 {[%emt 0:
00:00]} 13. Qxd7 {[%emt 0:00:00]} Nxd7 {[%emt 0:00:00]} 14. Re1 {[%emt 0:00:00]
} Rfe8 {[%emt 0:00:00]} 15. f4 {[%emt 0:00:00]} f6 {[%emt 0:00:00]} 16. e6 {
[%emt 0:00:00]} Bd6 {[%emt 0:00:00]} 17. f5 {[%emt 0:00:00]} g6 {[%emt 0:00:00]
} 18. Bd2 {[%emt 0:00:00]} Ne5 {[%emt 0:00:00]} 19. Nc3 {[%emt 0:00:00]} gxf5 {
[%emt 0:00:00]} 20. Ne2 {[%emt 0:00:00]} Bc5+ {[%emt 0:00:00]} 21. Kh1 {
[%emt 0:00:00]} Ng4 {[%emt 0:00:00]} 22. g3 {[%emt 0:00:00]} Rxe6 {[%emt 0:00:
00]} 23. Nf4 {[%emt 0:00:00]} Rxe1+ {[%emt 0:00:00]} 24. Rxe1 {[%emt 0:00:00]}
Nf2+ {[%emt 0:00:00]} 25. Kg2 {[%emt 0:00:00]} Ne4 {[%emt 0:00:00]} 26. Be3 {
[%emt 0:00:00]} Bb6 {[%emt 0:00:00]} 27. Ne6 {[%emt 0:00:00]} Kf7 {[%emt 0:00:
00]} 28. Nf4 {[%emt 0:00:00]} Re8 {[%emt 0:00:00]} 29. Bg1 {[%emt 0:00:12]} Nd6
{[%emt 0:00:00]} 30. Rd1 {[%emt 0:02:08]} Re4 {[%emt 0:00:00]} 31. b3 {[%emt 0:
02:24]} Ke7 {[%emt 0:00:00]} 32. a4 {[%emt 0:01:02]} a5 {[%emt 0:00:00]} 33.
Bf2 {[%emt 0:04:02]} Nf7 {[%emt 0:00:00]} 34. Rd2 {[%emt 0:03:01]} Ne5 {
[%emt 0:00:00]} 35. Ne2 {[%emt 0:04:08]} Ng4 {[%emt 0:00:00]} 36. Bg1 {[%emt 0:
01:53]} Be3 {[%emt 0:00:00]} 37. Bxe3 {[%emt 0:01:27]} Nxe3+ {[%emt 0:00:00]}
38. Kg1 {[%emt 0:01:18]} Kd6 {[%emt 0:00:09]} 39. Nf4 {[%emt 0:01:07]} c5 {
[%emt 0:03:26]} 40. c4 {[%emt 0:03:08]} d4 {[%emt 0:00:59]} 41. h3 {[%emt 0:00:
00]} Re8 {[%emt 0:00:00]} 42. Kf2 {[%emt 0:00:00]} Rb8 {[%emt 0:00:00]} 43. Rd3
{[%emt 0:00:00]} Ke5 {[%emt 0:00:00]} 44. Kf3 {[%emt 0:00:00]} Nc2 {[%emt 0:00:
00]} 45. Kf2 {[%emt 0:00:00]} Kd6 {[%emt 0:00:00]} 46. Rd2 {[%emt 0:00:00]} Na1
{[%emt 0:00:00]} 47. Re2 {[%emt 0:00:00]} Rxb3 {[%emt 0:00:00]} 48. Re6+ {
[%emt 0:00:00]} Kd7 {[%emt 0:00:00]} 49. Rxf6 {[%emt 0:00:00]} Rb2+ {[%emt 0:
00:00]} 50. Kf3 {[%emt 0:00:00]} Nb3 {[%emt 0:00:00]} 51. Rxf5 {[%emt 0:00:00]}
Nd2+ {[%emt 0:00:00]} 52. Kg4 {[%emt 0:00:00]} Nxc4 {[%emt 0:00:00]} 53. Rxc5 {
[%emt 0:00:00]} Nb6 {[%emt 0:07:21]} 54. Rxa5 {[%emt 0:00:00]} Rb4 {[%emt 0:03:
19]} 55. Nd3 {[%emt 0:00:00]} Rb1 {[%emt 0:01:32]} 56. Rh5 {[%emt 0:00:00]} Rd1
{[%emt 0:02:12]} 57. Rxh7+ {[%emt 0:00:00]} Kd6 {[%emt 0:00:37]} 58. Rh6+ {
[%emt 0:00:00]} Ke7 {[%emt 0:03:17]} 59. Nc5 {[%emt 0:08:50]} d3 {[%emt 0:00:
05]} 60. Kf3 {[%emt 0:00:41]} d2 {[%emt 0:00:24]} 61. Ke2 Rc1 {[%emt 0:00:04]}
62. Kf3 {[%emt 0:00:01]} 1/2-1/2

[Event "6e Open International d'Echecs des Sable"]
[Site "Sables d'Olonne, France"]
[Date "2019.07.14"]
[Round "2.4"]
[White "Vidal, Llewellyn"]
[Black "Besson, Bastien"]
[Result "1-0"]
[WhiteElo "2336"]
[BlackElo "2204"]
[Annotator "jeanluc"]
[PlyCount "57"]
[EventDate "2019.??.??"]
[TimeControl "1/40:0"]
[WhiteClock "0:32:01"]
[BlackClock "0:05:43"]

1. c4 {[%emt 0:00:00]} d6 {[%emt 0:00:00]} 2. Nc3 {[%emt 0:00:00]} Nf6 {
[%emt 0:00:00]} 3. g3 {[%emt 0:00:00]} g6 {[%emt 0:00:00]} 4. Bg2 {[%emt 0:00:
00]} Bg7 {[%emt 0:00:00]} 5. Nf3 {[%emt 0:00:00]} O-O {[%emt 0:00:00]} 6. d4 {
[%emt 0:00:00]} Nbd7 {[%emt 0:00:00]} 7. O-O {[%emt 0:00:00]} e5 {[%emt 0:00:
00]} 8. Qc2 {[%emt 0:00:00]} exd4 {[%emt 0:00:00]} 9. Nxd4 {[%emt 0:00:00]} Re8
{[%emt 0:00:00]} 10. b3 {[%emt 0:00:00]} a6 {[%emt 0:00:00]} 11. Bf4 {[%emt 0:
00:00]} Nh5 {[%emt 0:00:00]} 12. Be3 {[%emt 0:00:00]} Ne5 {[%emt 0:00:00]} 13.
Rad1 {[%emt 0:00:00]} c5 {[%emt 0:00:00]} 14. Nf3 {[%emt 0:00:00]} Bf5 {
[%emt 0:00:00]} 15. Qc1 {[%emt 0:00:00]} Qb8 {[%emt 0:00:00]} 16. Nxe5 {
[%emt 0:00:00]} Bxe5 {[%emt 0:00:00]} 17. Bg5 {[%emt 0:00:00]} Ra7 {[%emt 0:00:
00]} 18. Nd5 {[%emt 0:00:00]} b5 {[%emt 0:00:00]} 19. h3 {[%emt 0:00:00]} Bxg3
{[%emt 0:00:00]} 20. fxg3 {[%emt 0:00:00]} Nxg3 {[%emt 0:00:00]} 21. Nf6+ {
[%emt 0:00:00]} Kh8 {[%emt 0:00:00]} 22. Rde1 {[%emt 0:00:00]} Nxe2+ {[%emt 0:
00:00]} 23. Rxe2 {[%emt 0:00:00]} Rxe2 {[%emt 0:00:00]} 24. Rxf5 {[%emt 0:00:
00]} gxf5 {[%emt 0:10:12]} 25. Bh6 {[%emt 0:00:00]} Re8 {[%emt 0:01:05]} 26.
Bg7+ {[%emt 0:00:00]} Kxg7 {[%emt 0:00:16]} 27. Qg5+ {[%emt 0:00:00]} Kh8 {
[%emt 0:00:29]} 28. Qh6 {[%emt 0:00:00]} Re1+ {[%emt 0:00:55]} 29. Kf2 {
[%emt 0:00:00]} 1-0

[Event "6e Open International d'Echecs des Sable"]
[Site "Sables d'Olonne, France"]
[Date "2019.07.14"]
[Round "2.5"]
[White "Picart, Laurent"]
[Black "Bujisho, Benjamin"]
[Result "0-1"]
[WhiteElo "2061"]
[BlackElo "2326"]
[Annotator "jeanluc"]
[PlyCount "86"]
[EventDate "2019.??.??"]
[TimeControl "1/40:0"]
[WhiteClock "0:19:58"]
[BlackClock "0:22:09"]

1. d4 {[%emt 0:00:00]} d6 {[%emt 0:00:00]} 2. e4 {[%emt 0:00:00]} g6 {[%emt 0:
00:00]} 3. c4 {[%emt 0:00:00]} Bg7 {[%emt 0:00:00]} 4. Nc3 {[%emt 0:00:00]} Nc6
{[%emt 0:00:00]} 5. Nge2 {[%emt 0:00:00]} e5 {[%emt 0:00:00]} 6. Be3 {[%emt 0:
00:00]} exd4 {[%emt 0:00:00]} 7. Nxd4 {[%emt 0:00:00]} Nge7 {[%emt 0:00:00]} 8.
Be2 {[%emt 0:00:00]} O-O {[%emt 0:00:00]} 9. Qd2 {[%emt 0:00:00]} f5 {[%emt 0:
00:00]} 10. exf5 {[%emt 0:00:00]} Nxf5 {[%emt 0:00:00]} 11. Nxf5 {[%emt 0:00:
00]} Bxf5 {[%emt 0:00:00]} 12. O-O-O {[%emt 0:00:00]} a5 {[%emt 0:00:00]} 13.
g4 {[%emt 0:00:00]} Bxc3 {[%emt 0:00:00]} 14. Qd5+ {[%emt 0:00:00]} Kg7 {
[%emt 0:00:00]} 15. bxc3 {[%emt 0:00:00]} Bd7 {[%emt 0:00:00]} 16. h4 {[%emt 0:
00:00]} Qf6 {[%emt 0:00:00]} 17. Qd2 {[%emt 0:00:00]} Rae8 {[%emt 0:00:00]} 18.
Bh6+ {[%emt 0:00:00]} Kg8 {[%emt 0:00:00]} 19. Bxf8 {[%emt 0:00:00]} Rxf8 {
[%emt 0:00:00]} 20. Rh2 {[%emt 0:00:00]} b6 {[%emt 0:00:00]} 21. h5 {[%emt 0:
00:00]} g5 {[%emt 0:00:00]} 22. h6 {[%emt 0:00:00]} Be8 {[%emt 0:00:00]} 23.
Bd3 {[%emt 0:00:00]} Ne5 {[%emt 0:00:00]} 24. Bf5 {[%emt 0:00:00]} Kh8 {
[%emt 0:00:00]} 25. Qe2 {[%emt 0:00:00]} Bg6 {[%emt 0:00:00]} 26. Bxg6 {
[%emt 0:00:00]} Qf4+ {[%emt 0:00:00]} 27. Kc2 {[%emt 0:01:43]} Qxh2 {[%emt 0:
00:00]} 28. Bf5 {[%emt 0:00:34]} Qxh6 {[%emt 0:00:00]} 29. Qe4 {[%emt 0:00:59]}
Qf6 {[%emt 0:00:11]} 30. Rh1 {[%emt 0:02:43]} h6 {[%emt 0:00:14]} 31. f4 {
[%emt 0:00:49]} gxf4 {[%emt 0:02:12]} 32. Qxf4 {[%emt 0:00:18]} Kg7 {[%emt 0:
03:26]} 33. Rh5 {[%emt 0:05:03]} Nf7 {[%emt 0:00:53]} 34. Qd4 {[%emt 0:01:17]}
Re8 {[%emt 0:01:36]} 35. Bd3 {[%emt 0:01:34]} c5 {[%emt 0:06:49]} 36. Qd5 {
[%emt 0:02:26]} Re5 {[%emt 0:02:31]} 37. Qg2 {[%emt 0:02:38]} Ng5 {[%emt 0:02:
41]} 38. Qb7+ {[%emt 0:01:07]} Re7 {[%emt 0:00:37]} 39. Qg2 {[%emt 0:01:39]}
Nf3 {[%emt 0:01:38]} 40. Kb2 {[%emt 0:01:32]} Ne1 {[%emt 0:02:04]} 41. Qf1 {
[%emt 0:00:00]} Qf2+ {[%emt 0:00:00]} 42. Kb3 {[%emt 0:00:00]} a4+ {[%emt 0:00:
00]} 43. Ka3 {[%emt 0:00:00]} Qd2 {[%emt 0:00:00]} 0-1

[Event "6e Open International d'Echecs des Sable"]
[Site "Sables d'Olonne, France"]
[Date "2019.07.14"]
[Round "2.6"]
[White "Eugene, Floryan"]
[Black "Pottier, Simeon"]
[Result "1-0"]
[WhiteElo "2300"]
[BlackElo "2192"]
[Annotator "jeanluc"]
[PlyCount "61"]
[EventDate "2019.??.??"]
[TimeControl "1/40:0"]
[WhiteClock "0:25:27"]
[BlackClock "0:11:53"]

1. e4 {[%emt 0:00:00]} c5 {[%emt 0:00:00]} 2. Nc3 {[%emt 0:00:00]} Nc6 {
[%emt 0:00:00]} 3. Bb5 {[%emt 0:00:00]} Nd4 {[%emt 0:00:00]} 4. Nf3 {[%emt 0:
00:00]} Nxb5 {[%emt 0:00:00]} 5. Nxb5 {[%emt 0:00:00]} g6 {[%emt 0:00:00]} 6.
d4 {[%emt 0:00:00]} Bg7 {[%emt 0:00:00]} 7. c4 {[%emt 0:00:00]} cxd4 {[%emt 0:
00:00]} 8. Nfxd4 {[%emt 0:00:00]} d6 {[%emt 0:00:00]} 9. Be3 {[%emt 0:00:00]}
Nf6 {[%emt 0:00:00]} 10. f3 {[%emt 0:00:00]} O-O {[%emt 0:00:00]} 11. Qd2 {
[%emt 0:00:00]} Re8 {[%emt 0:00:00]} 12. O-O {[%emt 0:00:00]} Bd7 {[%emt 0:00:
00]} 13. Rac1 {[%emt 0:00:00]} a6 {[%emt 0:00:00]} 14. Nc3 {[%emt 0:00:00]} Qa5
{[%emt 0:00:00]} 15. Nb3 {[%emt 0:00:00]} Qd8 {[%emt 0:00:00]} 16. Rfd1 {
[%emt 0:00:00]} Bc6 {[%emt 0:00:00]} 17. Qf2 {[%emt 0:00:00]} Qb8 {[%emt 0:00:
00]} 18. Na5 {[%emt 0:00:00]} Nd7 {[%emt 0:00:00]} 19. b4 {[%emt 0:00:00]} Rc8
{[%emt 0:00:00]} 20. c5 {[%emt 0:00:00]} Ne5 {[%emt 0:00:00]} 21. cxd6 {
[%emt 0:00:00]} exd6 {[%emt 0:00:00]} 22. Qd2 {[%emt 0:00:00]} Bb5 {[%emt 0:00:
00]} 23. Nxb5 {[%emt 0:00:00]} Rxc1 {[%emt 0:00:00]} 24. Rxc1 {[%emt 0:00:00]}
axb5 {[%emt 0:00:00]} 25. Qd5 {[%emt 0:00:00]} Nc4 {[%emt 0:03:32]} 26. Nxc4 {
[%emt 0:00:00]} bxc4 {[%emt 0:00:13]} 27. Qxc4 {[%emt 0:00:00]} b5 {[%emt 0:00:
18]} 28. Qd5 {[%emt 0:00:00]} Ra4 {[%emt 0:00:38]} 29. Qxb5 {[%emt 0:00:00]}
Qxb5 {[%emt 0:03:11]} 30. Rc8+ {[%emt 0:00:00]} Bf8 {[%emt 0:00:15]} 31. Bh6 {
[%emt 0:01:01]} 1-0

[Event "6e Open International d'Echecs des Sable"]
[Site "Sables d'Olonne, France"]
[Date "2019.07.14"]
[Round "2.7"]
[White "Lucas, Arthur"]
[Black "Cotonnec, Melkior"]
[Result "0-1"]
[WhiteElo "2286"]
[BlackElo "2293"]
[Annotator "jeanluc"]
[PlyCount "106"]
[EventDate "2019.??.??"]
[TimeControl "1/40:0"]
[WhiteClock "0:00:49"]
[BlackClock "0:04:45"]

1. e4 {[%emt 0:00:00]} d5 {[%emt 0:00:00]} 2. exd5 {[%emt 0:00:00]} Qxd5 {
[%emt 0:00:00]} 3. Nf3 {[%emt 0:00:00]} Nf6 {[%emt 0:00:00]} 4. d4 {[%emt 0:00:
00]} Bg4 {[%emt 0:00:00]} 5. Be2 {[%emt 0:00:00]} e6 {[%emt 0:00:00]} 6. h3 {
[%emt 0:00:00]} Bh5 {[%emt 0:00:00]} 7. O-O {[%emt 0:00:00]} Be7 {[%emt 0:00:
00]} 8. c4 {[%emt 0:00:00]} Qd6 {[%emt 0:00:00]} 9. Nc3 {[%emt 0:00:00]} c6 {
[%emt 0:00:00]} 10. Be3 {[%emt 0:00:00]} Nbd7 {[%emt 0:00:00]} 11. Qd2 {
[%emt 0:00:00]} Rd8 {[%emt 0:00:00]} 12. Bf4 {[%emt 0:00:00]} e5 {[%emt 0:00:
00]} 13. dxe5 {[%emt 0:00:00]} Qxd2 {[%emt 0:00:00]} 14. Nxd2 {[%emt 0:00:00]}
Nxe5 {[%emt 0:00:00]} 15. Bxh5 {[%emt 0:00:00]} Nxh5 {[%emt 0:00:00]} 16. Bxe5
{[%emt 0:00:00]} Rxd2 {[%emt 0:00:00]} 17. Ne4 {[%emt 0:00:00]} Rc2 {[%emt 0:
00:00]} 18. Rac1 {[%emt 0:05:04]} Rxc1 {[%emt 0:00:00]} 19. Rxc1 {[%emt 0:00:
12]} f5 {[%emt 0:00:00]} 20. Nc3 {[%emt 0:04:18]} Bf6 {[%emt 0:00:00]} 21. Bb8
{[%emt 0:03:06]} Bd4 {[%emt 0:00:08]} 22. Ne2 {[%emt 0:00:17]} Bc5 {[%emt 0:00:
25]} 23. a3 {[%emt 0:01:51]} Kf7 {[%emt 0:00:34]} 24. Bc7 {[%emt 0:00:32]} Re8
{[%emt 0:01:02]} 25. Kf1 {[%emt 0:00:18]} Re7 {[%emt 0:00:50]} 26. Ba5 {
[%emt 0:00:35]} Rd7 {[%emt 0:00:41]} 27. Bc3 {[%emt 0:00:40]} Nf6 {[%emt 0:02:
32]} 28. f3 {[%emt 0:00:31]} Be3 {[%emt 0:01:07]} 29. Re1 {[%emt 0:00:31]} f4 {
[%emt 0:00:35]} 30. Bxf6 {[%emt 0:00:54]} Kxf6 {[%emt 0:00:35]} 31. Nc3 {
[%emt 0:00:13]} Rd4 {[%emt 0:01:20]} 32. b3 {[%emt 0:01:47]} Rd3 {[%emt 0:00:
25]} 33. Ne4+ {[%emt 0:00:13]} Ke5 {[%emt 0:00:13]} 34. Rb1 {[%emt 0:00:19]} a5
{[%emt 0:03:48]} 35. Ke2 {[%emt 0:00:18]} Kd4 {[%emt 0:00:11]} 36. a4 {[%emt 0:
00:31]} g6 {[%emt 0:06:26]} 37. Rb2 {[%emt 0:01:12]} b6 {[%emt 0:02:23]} 38.
Rb1 {[%emt 0:00:48]} h6 {[%emt 0:00:22]} 39. Rb2 {[%emt 0:01:17]} Bc1 {[%emt 0:
00:12]} 40. Rc2 {[%emt 0:00:40]} Re3+ {[%emt 0:01:49]} 41. Kd1 {[%emt 0:00:00]}
Ba3 {[%emt 0:00:00]} 42. Rd2+ {[%emt 0:00:00]} Ke5 {[%emt 0:00:00]} 43. Kc2 {
[%emt 0:00:00]} Bb4 {[%emt 0:00:00]} 44. Rf2 {[%emt 0:00:00]} Be1 {[%emt 0:00:
00]} 45. Rf1 {[%emt 0:00:00]} Bb4 {[%emt 0:00:00]} 46. Rf2 {[%emt 0:00:00]} g5
{[%emt 0:00:00]} 47. Kb2 {[%emt 0:00:00]} Kd4 {[%emt 0:00:00]} 48. Kc2 {
[%emt 0:00:00]} Re1 {[%emt 0:02:17]} 49. Nf6 {[%emt 0:03:44]} h5 {[%emt 0:00:
11]} 50. Ne4 {[%emt 0:02:36]} Ke3 {[%emt 0:00:47]} 51. Kb2 {[%emt 0:00:32]} g4
{[%emt 0:00:31]} 52. hxg4 {[%emt 0:00:40]} hxg4 {[%emt 0:00:11]} 53. Kc2 {
[%emt 0:00:52]} g3 {[%emt 0:01:00]} 0-1

[Event "6e Open International d'Echecs Sables d'"]
[Site "Les Sables d'Olonne ; France"]
[Date "2019.07.14"]
[Round "2.8"]
[White "Frick, Christoph"]
[Black "Redondo Arguelles, Graciela"]
[Result "0-1"]
[WhiteElo "2134"]
[BlackElo "2043"]
[Annotator "jeanluc"]
[PlyCount "120"]
[EventDate "2019.??.??"]
[WhiteTeam "Mulhouse Philidor"]

1. d4 d5 2. Bf4 Nf6 3. e3 c5 4. Nc3 a6 5. Nf3 e6 6. Be2 Nc6 7. O-O Bd6 8. Bg3
O-O 9. Ne5 Qc7 10. Nxc6 Qxc6 11. Bf3 cxd4 12. Bxd6 Qxd6 13. exd4 Qb4 14. Rb1
Bd7 15. Re1 Rac8 16. a3 Qd6 17. Qd2 Rc7 18. Re5 Rfc8 19. Rbe1 b5 20. Rg5 g6 21.
Be2 {(=)} b4 22. axb4 Qxb4 23. Bxa6 Ra8 24. Qf4 Rxc3 25. bxc3 Qxc3 26. Rb1 Ne4
27. Bd3 Ra1 28. Qb8+ Kg7 29. h4 Nxg5 30. hxg5 Rxb1+ 31. Qxb1 Qxd4 32. Qb7 Ba4
33. Qe7 Qa1+ 34. Kh2 Qe5+ 35. Kg1 d4 36. Kf1 Bc6 37. f3 Qf4 38. Kf2 Bd5 39. Qd8
h6 40. gxh6+ Qxh6 41. Qd6 Qg5 42. Qd7 Qf4 43. Kg1 g5 44. Qd8 Qc1+ 45. Kh2 Qd2
46. Qd6 Qf4+ 47. Qxf4 gxf4 48. g3 fxg3+ 49. Kxg3 e5 50. Kg4 Kf6 51. Kg3 Kg5 52.
Be2 Be6 53. Bb5 Bd5 54. Ba4 Bc4 55. Be8 f6 56. Bc6 Be2 57. Be4 f5 58. Bd3 Bxd3
59. cxd3 Kh5 60. Kh3 e4 0-1

[Event "6e Open International d'Echecs Sables d'"]
[Site "Les Sables d'Olonne ; France"]
[Date "2019.07.14"]
[Round "2.9"]
[White "Delabbey, Florian"]
[Black "Wlodarczyk, Cyril"]
[Result "0-1"]
[WhiteElo "1904"]
[BlackElo "2098"]
[PlyCount "66"]
[EventDate "2019.??.??"]
[WhiteTeam "Club d'Echecs de Marennes-Oleron"]
[BlackTeam "Cergy Pontoise Echecs"]

1. d4 Nf6 2. c4 e6 3. Nc3 Bb4 4. e3 O-O 5. Nge2 c6 6. a3 Ba5 7. b4 Bc7 8. Ng3
d5 9. Be2 Nbd7 10. O-O dxc4 11. Bxc4 e5 12. Bb2 Nb6 13. Bb3 exd4 14. exd4 Nbd5
15. Nxd5 cxd5 16. Bc2 g6 17. Bc1 Qd6 18. Bg5 Ng4 19. Qd2 Bd7 20. Bd1 h5 21.
Bxg4 Bxg4 22. Rfe1 f6 23. Bh6 Rfe8 24. Nf1 Kh7 25. Be3 Rac8 26. f3 Bf5 27. g3
g5 28. h4 gxh4 29. Bf4 Qd7 30. gxh4 Rg8+ 31. Kh2 Qg7 32. Ng3 Bxf4 33. Qxf4
Qxg3+ 0-1